000 00272nam a2200097Ia 4500
001 642506
005 20250826153528.0
008 250824s9999 xx 000 0 und d
245 0 _aSAVAŞ VE BARIŞ ANTİK DÜNYA KLASİKLERİ
_cTOLSTOY
260 _bANTİK DÜNYA KLASİKLERİ
999 _c642506
_d642506